000
00295nam a2200109Ia 4500
008
201223s9999 xx 000 0 und d
100
_a
Saletore, R. N.
245
0
_a
Indian Pirates : From the Earliest times to the Present Day
260
_a
Delhi
_b
Concept Publishing
300
_a
200
942
_c
BK
999
_c
8292
_d
8292